ბათუმის შოთა რუსთაველის სახელმწიფო უნივერსიტეტის ბიბლიოთეკა

ბუნებრივი ენა და გამოთვლითი მანქანა (ბიბ.ჩანაწერი № 51074)

000 -LEADER
fixed length control field 01194nam a2200229Ia 4500
001 - CONTROL NUMBER
control field 18031
003 - CONTROL NUMBER IDENTIFIER
control field GE_BSU
008 - FIXED-LENGTH DATA ELEMENTS--GENERAL INFORMATION
fixed length control field 181216s||||||||xx |||||||||||||| ||und||
040 ## - CATALOGING SOURCE
Transcribing agency GE_BSU
080 ## - UNIVERSAL DECIMAL CLASSIFICATION NUMBER
Universal Decimal Classification number 81'322.4+004
100 ## - MAIN ENTRY--PERSONAL NAME
Personal name თამარაშვილი, ლამარა., მარგველანი, ლ., ჩიკოიძე, გ.
245 ## - TITLE STATEMENT
Title ბუნებრივი ენა და გამოთვლითი მანქანა
245 ## - TITLE STATEMENT
Statement of responsibility, etc. რედ.: გ. რამიშვილი
250 ## - EDITION STATEMENT
Edition statement საქ. სსრ მეცნ. აკად., მართვის სისტემების ინ-ტი, საშ., პროფ. ტექნ. და უმაღლ. სკოლების კომისია.
260 ## - PUBLICATION, DISTRIBUTION, ETC.
Place of publication, distribution, etc. თბილისი
260 ## - PUBLICATION, DISTRIBUTION, ETC.
Name of publisher, distributor, etc. მეცნიერება
260 ## - PUBLICATION, DISTRIBUTION, ETC.
Date of publication, distribution, etc. 1987
300 ## - PHYSICAL DESCRIPTION
Extent 78გვ. ; 22სმ
653 ## - INDEX TERM--UNCONTROLLED
Uncontrolled term ბუნებრივი ენა და გამოთვლითი მანქანა
653 ## - INDEX TERM--UNCONTROLLED
Uncontrolled term ბუნებრივი ენა; გამოთვლითი მანქანები; მანქანური თარგმნ
942 ## - ADDED ENTRY ELEMENTS (KOHA)
Koha item type წიგნი
ეგზემპლარები
Withdrawn status Lost status Damaged status Not for loan Date acquired Barcode Date last seen Price effective from Koha item type
        2018-12-17 45978 2018-12-17 2018-12-17 წიგნი